Výrobky valcované za tepla z konštrukčných ocelí. STN 42 0904. EN 10025-4 : Časť 4: Technické dodacie podmienky na termomechanicky valcované zvariteľné jemnozrnné konštrukčné ocele. Júl 2005

Enregistré dans:
Détails bibliographiques
Format: Livre
Langue:slovaque
Publié: Bratislava : Slovenský ústav technickej normalizácie, 2005
Sujets:
Tags: Ajouter un tag
Pas de tags, Soyez le premier à ajouter un tag!

MARC

LEADER 00000nam a22000003a 4500
001 stu119651
005 20150408162954.6
008 060601s2005----xo------------------slo-d
040 |a STU  |b slo 
041 0 |a slo 
044 |a xo 
245 |a Výrobky valcované za tepla z konštrukčných ocelí. STN 42 0904. EN 10025-4 :  |b Časť 4: Technické dodacie podmienky na termomechanicky valcované zvariteľné jemnozrnné konštrukčné ocele. Júl 2005 
260 |a Bratislava :  |b Slovenský ústav technickej normalizácie,  |c 2005 
300 |a 28 s 
650 7 |a valcovanie za tepla  |2 stusub 
650 7 |a konštrukčné ocele  |2 stusub 
996 |b 284M073215  |c M*N-1195-1  |l MMKN  |s A  |a 24  |w stu119651_0001